000 00635nam a2200181 a 4500
001 000028795
005 20200930055137.0
008 110412s2000 dr a 000 0 spa d
040 _aDO-SdBNP
_bspa
_cBNPHU
082 _axxx
_bR666d
100 1 _aRobiou Lamarche, Sebastián
_99669
245 1 0 _aDe la trinidad a la cuaternidad :
_bel simbolismo esotérico de la capilla del Rosario /
_cSebastián Robiou Lamarche.
260 _aSanto Domingo :
_bPunto y Coma,
_c2000.
300 _a49 p. :
_bil. ;
_c22 cm.
500 _aIncluye datos biográficos del autor en la contracubierta.
504 _aBibliografías p. 46-48
049 _aBNPD
999 _c28287
_d28287